=LDR 00000nam 2200000 4500 =001 INLIS000000000013510 =005 20130612104907 =008 ***********************************Ind** =035 ##$$0010-061300000013510 =041 ##$$a Ind =082 ##$$a 352 =090 ##$$a 352, Yud o =100 ##$$a Yudoyono, Bambang =245 ##$$a Otonomi daerah, Desentralisai dan pengembangan SDM aparatur pemda dan anggota DPRD, Drs. Bambang Yudoyono, M.Si =260 ##$$a 2003 $b Jakarta =300 ##$$a 171 hlm, 21 cm =650 ##$$a Pemerintah Daerah =850 ##$$a NBPNMAT =990 ##$$a 0001/BPAP-NTB/2015